Introduction to measure and integration.
Guardado en:
| Autor Principal: | |
|---|---|
| Formato: | Libro |
| Idioma: | English |
| Publicado: |
Cambridge, Mass. :
Addison-Wesley,
1953.
|
| Series: | Addison-Wesley mathematics series
|
| Materias: | |
| Etiquetas: |
Agregar Etiqueta
Sin Etiquetas, Sea el primero en etiquetar este registro!
|
| LEADER | 00720cam a22002291a 4500 | ||
|---|---|---|---|
| 001 | MAT.inmabb005492 | ||
| 008 | 730102s1953####maua#####b####000#0#eng## | ||
| 005 | 20130416165226.0 | ||
| 245 | 1 | 0 | |a Introduction to measure and integration. |
| 260 | |a Cambridge, Mass. : |b Addison-Wesley, |c 1953. | ||
| 300 | |a x, 310 p. : |b il. ; |c 22 cm. | ||
| 440 | 0 | |a Addison-Wesley mathematics series | |
| 504 | |a Bibliografía: p. 303-304. | ||
| 510 | 4 | |a MR, |c 14,734a | |
| 100 | 1 | |a Munroe, M. Evans |q (Marshall Evans), |d 1918- | |
| 740 | 0 | |a Measure and integration. | |
| 650 | 0 | |a Functions. | |
| 650 | 0 | |a Topology. | |
| 084 | |a 28-01 |2 msc2000 | ||
| 010 | |a 52011410 | ||
| 040 | |a DLC |c ODaWU |d OCoLC |d DLC | ||
| 859 | |h 28 |i M968 |p A-2157 |b BIB. MATEMATICA | ||
